[Event "Copa Latina 2015"]
[Site "Vicente Lopez ARG"]
[Date "2015.03.21"]
[Round "4.57"]
[White "Luz, Arthur Nader"]
[Black "Boabaid, Jorge Alberto Duard"]
[Result "1-0"]
[WhiteElo "2049"]
[BlackElo "1834"]
[PlyCount "103"]
[EventDate "2015.03.19"]
[EventType "swiss"]
[EventRounds "9"]
[EventCountry "ARG"]
[Source "lmi"]
[SourceDate "2015.03.19"]

1. d4 Nf6 2. c4 e5 3. dxe5 Ng4 4. e4 Nxe5 5. f4 Nec6 6. Be3 Bb4+ 7. Nc3 O-O 8.
Nf3 d6 9. Bd3 Nd7 10. O-O Bc5 11. Qd2 Bxe3+ 12. Qxe3 Nf6 13. Rae1 Bg4 14. Nd4
Bd7 15. Nc2 a5 16. a3 Re8 17. b4 Ne7 18. Qf3 Ng6 19. b5 Nh4 20. Qg3 Nh5 21. Qf2
Ng6 22. Qd2 Qh4 23. Nd5 Qd8 24. Qd1 Nf6 25. Nc3 Bg4 26. Qd2 c6 27. f5 Ne5 28.
h3 Bh5 29. g4 Bxg4 30. hxg4 Nfxg4 31. Re2 Qh4 32. Rg2 Qh3 33. Be2 h5 34. Ne1
Ne3 35. f6 Nxg2 36. Nxg2 Re6 37. Qg5 Ng6 38. Rf3 Qg4 39. Qe3 h4 40. Rh3 Qxh3
41. Qxh3 Rxf6 42. b6 Re8 43. Qd7 Re7 44. Qc8+ Kh7 45. Qg4 Re5 46. Bd3 Kh6 47.
Qh3 Rg5 48. Ne2 Nf4 49. Nexf4 Rxf4 50. Kh2 Rg3 51. Nxf4 Rxh3+ 52. Kxh3 1-0

[Event "Copa Latina 2015"]
[Site "Vicente Lopez ARG"]
[Date "2015.03.21"]
[Round "4.60"]
[White "Laurnagaray, Santiago"]
[Black "Roman, Rodrigo"]
[Result "1-0"]
[WhiteElo "1535"]
[BlackElo "2006"]
[PlyCount "101"]
[EventDate "2015.03.19"]
[EventType "swiss"]
[EventRounds "9"]
[EventCountry "ARG"]
[Source "lmi"]
[SourceDate "2015.03.19"]

1. e4 c5 2. Nf3 Nc6 3. d4 cxd4 4. Nxd4 Nf6 5. Nc3 e5 6. Ndb5 a6 7. Nd6+ Bxd6 8.
Qxd6 Qe7 9. Qxe7+ Kxe7 10. Bg5 Kf8 11. Bxf6 gxf6 12. Nd5 Kg7 13. O-O-O Rd8 14.
Rd3 f5 15. Rg3+ Kf8 16. exf5 Ne7 17. Nb6 Rb8 18. f6 Ng8 19. Nd5 d6 20. Bd3 Be6
21. Bxh7 Nh6 22. Ne3 d5 23. Rg5 d4 24. Nf5 Bxf5 25. Bxf5 Rd6 26. Bd3 Rxf6 27.
f3 Re8 28. Re1 Rfe6 29. Bc4 R6e7 30. Re4 b5 31. Bd5 f5 32. Rh4 Rg7 33. Rgh5 Rd8
34. Be6 Nf7 35. Rxf5 Ke7 36. Bxf7 Rxf7 37. Rxe5+ Kd6 38. Rxd4+ Kxe5 39. Rxd8
Rh7 40. h3 Rg7 41. Re8+ Kf4 42. Re4+ Kf5 43. g4+ Kg5 44. Re5+ Kf4 45. Rf5+ Ke3
46. h4 Ke2 47. b3 a5 48. h5 a4 49. Kb2 Kd2 50. h6 Rc7 51. Rd5+ 1-0

[Event "Copa Latina 2015"]
[Site "Vicente Lopez ARG"]
[Date "2015.03.21"]
[Round "4.62"]
[White "Radoszta, Armando E"]
[Black "Saracho, Franco"]
[Result "1-0"]
[WhiteElo "1994"]
[BlackElo "1581"]
[PlyCount "81"]
[EventDate "2015.03.19"]
[EventType "swiss"]
[EventRounds "9"]
[EventCountry "ARG"]
[Source "lmi"]
[SourceDate "2015.03.19"]

1. e4 e5 2. Nf3 Nc6 3. Bc4 Bc5 4. O-O d6 5. c3 Nf6 6. d4 Bb6 7. Re1 Bg4 8. d5
Ne7 9. Bg5 Ng6 10. Bb5+ Bd7 11. Bxd7+ Qxd7 12. Bxf6 gxf6 13. a4 a5 14. Nbd2 Rg8
15. Nf1 Nf4 16. Ng3 O-O-O 17. b4 Rg7 18. Nh4 Rdg8 19. Qf3 Rg4 20. Nhf5 R4g6 21.
Kh1 Rh8 22. Rab1 Kd8 23. bxa5 Bxa5 24. Rxb7 Qc8 25. Rb5 Bb6 26. Reb1 Ba7 27. h3
h5 28. h4 Rg4 29. c4 Ng6 30. Qa3 Kd7 31. Rb7 Bc5 32. Qb3 Bxf2 33. Qb5+ Kd8 34.
Rb8 Qxb8 35. Qxb8+ Kd7 36. Qb5+ Kd8 37. Qc6 Ne7 38. Rb8+ Nc8 39. Rb7 Bb6 40. c5
Ba5 41. cxd6 1-0

[Event "Copa Latina 2015"]
[Site "Vicente Lopez ARG"]
[Date "2015.03.21"]
[Round "4.64"]
[White "Ulloa, Gabriel"]
[Black "Girona, Martin"]
[Result "0-1"]
[WhiteElo "1986"]
[BlackElo "1579"]
[PlyCount "110"]
[EventDate "2015.03.19"]
[EventType "swiss"]
[EventRounds "9"]
[EventCountry "ARG"]
[Source "lmi"]
[SourceDate "2015.03.19"]

1. e4 e5 2. Nf3 Nc6 3. d4 exd4 4. Nxd4 Bc5 5. Nf5 Qf6 6. Nc3 Nge7 7. Ne3 O-O 8.
Be2 d6 9. O-O a6 10. Kh1 Re8 11. Ned5 Nxd5 12. exd5 Ne5 13. Ne4 Qg6 14. Nxc5
dxc5 15. h3 Bf5 16. Bh5 Bxc2 17. Bxg6 Bxd1 18. Bxh7+ Kxh7 19. Rxd1 Rad8 20. Bf4
f6 21. b3 Rd7 22. Rd2 Ng6 23. Be3 b6 24. b4 cxb4 25. a3 bxa3 26. Rxa3 a5 27.
Rc3 Ne7 28. d6 Rxd6 29. Rxd6 cxd6 30. Bxb6 a4 31. Rd3 Ra8 32. Ra3 d5 33. Bc5
Nc6 34. Rd3 Rd8 35. Kg1 Kg6 36. Kf1 Kf5 37. Ke2 Ke6 38. g4 d4 39. Bb6 Rd7 40.
f4 Kd5 41. Rd1 Kc4 42. Rc1+ Kb5 43. Bc5 Nb4 44. Bxb4 Kxb4 45. Kd3 a3 46. Rb1+
Ka4 47. Ra1 Kb3 48. Rb1+ Ka2 49. Rb8 Ka1 50. Rb3 a2 51. Rb5 Rc7 52. Rb8 Rc1 53.
Kd2 Rb1 54. Rc8 Rb2+ 55. Kd1 d3 0-1

[Event "Copa Latina 2015"]
[Site "Vicente Lopez ARG"]
[Date "2015.03.21"]
[Round "4.68"]
[White "Coro, Richard"]
[Black "Franco, Gaston"]
[Result "0-1"]
[WhiteElo "1617"]
[BlackElo "2037"]
[PlyCount "56"]
[EventDate "2015.03.19"]
[EventType "swiss"]
[EventRounds "9"]
[EventCountry "ARG"]
[Source "lmi"]
[SourceDate "2015.03.19"]

1. e4 c5 2. Nc3 Nc6 3. f4 g6 4. Nf3 Bg7 5. Bc4 e6 6. O-O Nge7 7. d3 O-O 8. Qe1
Nd4 9. Nxd4 Bxd4+ 10. Kh1 Bg7 11. Ne2 d5 12. Bb3 b5 13. c3 Bb7 14. Ng3 f5 15.
e5 Qb6 16. Rb1 Rfe8 17. d4 cxd4 18. cxd4 a5 19. Be3 Nc6 20. h4 Bf8 21. h5 Nxd4
22. Rc1 a4 23. Bd1 Rac8 24. Rxc8 Rxc8 25. hxg6 hxg6 26. Ne2 Bc5 27. Qg3 Kf7 28.
Qg5 Rh8+ 0-1

[Event "Copa Latina 2015"]
[Site "Vicente Lopez ARG"]
[Date "2015.03.21"]
[Round "4.70"]
[White "Rengifo Blancas, Renzo Jhonath"]
[Black "Viegas Palermo, Jose"]
[Result "1-0"]
[WhiteElo "1884"]
[BlackElo "1459"]
[PlyCount "41"]
[EventDate "2015.03.19"]
[EventType "swiss"]
[EventRounds "9"]
[EventCountry "ARG"]
[Source "lmi"]
[SourceDate "2015.03.19"]

1. e4 e5 2. Nf3 Nc6 3. Bb5 d6 4. d4 exd4 5. Nxd4 Bd7 6. Bxc6 bxc6 7. Nc3 Nf6 8.
O-O c5 9. Nde2 c6 10. Bg5 h6 11. Bh4 Be6 12. Nf4 g5 13. Nxe6 fxe6 14. Bg3 Rb8
15. e5 Nd5 16. Qh5+ Kd7 17. Ne4 Bg7 18. exd6 Rb5 19. Qf7+ Kc8 20. Qxg7 Rxb2 21.
Qxb2 1-0

[Event "Copa Latina 2015"]
[Site "Vicente Lopez ARG"]
[Date "2015.03.21"]
[Round "4.76"]
[White "Gil Garrote, Marcelo"]
[Black "Kapitanchuk, Tomas"]
[Result "0-1"]
[WhiteElo "1735"]
[BlackElo "2031"]
[PlyCount "80"]
[EventDate "2015.03.19"]
[EventType "swiss"]
[EventRounds "9"]
[EventCountry "ARG"]
[Source "lmi"]
[SourceDate "2015.03.19"]

1. d4 Nf6 2. Nf3 e6 3. c4 Bb4+ 4. Nc3 O-O 5. e3 d5 6. a3 Bxc3+ 7. bxc3 b6 8.
cxd5 exd5 9. Bd3 Re8 10. h3 c5 11. O-O Qc7 12. a4 Bb7 13. Ba3 Ne4 14. Rc1 c4
15. Be2 Nd7 16. Re1 Bc6 17. Bf1 a6 18. Nh4 Qd8 19. Nf5 Qf6 20. Qg4 g6 21. f3
Qxf5 22. Qxf5 gxf5 23. fxe4 fxe4 24. a5 bxa5 25. Be2 Rab8 26. Rf1 Rb3 27. Bd6
Re6 28. Bc7 a4 29. Bd8 Nf8 30. Bg4 Re8 31. Ba5 Rb5 32. Bc7 Rb7 33. Bg3 a5 34.
Rf6 Ne6 35. Rcf1 a3 36. Bh5 Nd8 37. Ra1 Re6 38. Rxe6 fxe6 39. Rxa3 a4 40. Bd1
Rb1 0-1

[Event "Copa Latina 2015"]
[Site "Vicente Lopez ARG"]
[Date "2015.03.21"]
[Round "4.77"]
[White "Guanca, Felipe"]
[Black "Lang, German"]
[Result "0-1"]
[WhiteElo "1715"]
[BlackElo "1887"]
[PlyCount "76"]
[EventDate "2015.03.19"]
[EventType "swiss"]
[EventRounds "9"]
[EventCountry "ARG"]
[Source "lmi"]
[SourceDate "2015.03.19"]

1. e4 c5 2. Nf3 Nc6 3. d4 cxd4 4. Nxd4 d6 5. Bb5 Bd7 6. O-O Nf6 7. Nc3 g6 8.
Be3 Bg7 9. f3 O-O 10. Bxc6 bxc6 11. Qd2 Re8 12. Nce2 Nh5 13. c3 a5 14. g4 Nf6
15. h3 Rb8 16. b3 c5 17. Nc2 Bb5 18. c4 Bc6 19. Rab1 Qc7 20. Bf4 Nd7 21. Nc3
Ne5 22. Nd5 Qa7 23. Be3 e6 24. f4 Nd7 25. Nc3 Bxc3 26. Qxc3 Bxe4 27. Rbd1 d5
28. Bf2 d4 29. Qd2 f5 30. Na3 Bc6 31. Rfe1 Nf6 32. Bh4 Ne4 33. Qd3 a4 34. Nb5
Qa5 35. bxa4 Bxb5 36. axb5 Ra8 37. Re2 Qb4 38. Rxe4 Ra3 0-1

[Event "Copa Latina 2015"]
[Site "Vicente Lopez ARG"]
[Date "2015.03.21"]
[Round "4.78"]
[White "Katopodis, Santiago"]
[Black "Wolfsdorf, Alexis"]
[Result "0-1"]
[WhiteElo "1655"]
[BlackElo "1814"]
[PlyCount "76"]
[EventDate "2015.03.19"]
[EventType "swiss"]
[EventRounds "9"]
[EventCountry "ARG"]
[Source "lmi"]
[SourceDate "2015.03.19"]

1. e4 c5 2. Nf3 d6 3. d4 cxd4 4. Nxd4 Nf6 5. Nc3 g6 6. Be2 Bg7 7. Be3 Nc6 8.
Qd2 O-O 9. f3 Bd7 10. g4 Qa5 11. Nb3 Qc7 12. O-O-O Ne5 13. h4 h5 14. gxh5 Nxh5
15. Nd5 Qd8 16. Rdg1 Rc8 17. Bh6 e6 18. Bxg7 Kxg7 19. Ne3 Qf6 20. Ng4 Qf4 21.
Nxe5 Qxe5 22. Kb1 Qf4 23. Qd4+ e5 24. Qxa7 Be6 25. Qxb7 Ng3 26. Rh2 Bxb3 27.
axb3 Nxe4 28. Rxg6+ Kxg6 29. Qxe4+ Qxe4 30. fxe4 Kh6 31. c4 f5 32. exf5 Rxf5
33. Bg4 Rf1+ 34. Kc2 Rg8 35. Be6 Re8 36. Bd5 Rf4 37. b4 Kh5 38. b5 Rb8 0-1

[Event "Copa Latina 2015"]
[Site "Vicente Lopez ARG"]
[Date "2015.03.21"]
[Round "4.13"]
[White "Felgaer, Ruben"]
[Black "Sosa, Tomas"]
[Result "1/2-1/2"]
[WhiteElo "2580"]
[BlackElo "2368"]
[PlyCount "65"]
[EventDate "2015.03.19"]
[EventType "swiss"]
[EventRounds "9"]
[EventCountry "ARG"]
[Source "lmi"]
[SourceDate "2015.03.19"]

1. e4 e5 2. Nf3 Nc6 3. Bb5 a6 4. Ba4 Nf6 5. O-O b5 6. Bb3 Bc5 7. d3 O-O 8. a4
Rb8 9. axb5 axb5 10. c3 d6 11. h3 h6 12. Re1 Bb6 13. Nbd2 Ne7 14. Nf1 Ng6 15.
Ng3 Be6 16. Bc2 Re8 17. d4 Qc8 18. Be3 Qb7 19. Qc1 Kh7 20. Nf5 Ng8 21. h4 Bd7
22. Qd1 Nf6 23. h5 Nf8 24. N3h4 Bc6 25. Nxg7 Kxg7 26. Qf3 N8h7 27. Bxh6+ Kh8
28. d5 Bd7 29. Bg5 Ng4 30. Qxf7 Bxf2+ 31. Kh1 Bxh4 32. Bxh4 Qc8 33. Rf1 1/2-1/2

[Event "Copa Latina 2015"]
[Site "Vicente Lopez ARG"]
[Date "2015.03.21"]
[Round "4.18"]
[White "Cori Quispe, Kevin"]
[Black "Torres, Federico"]
[Result "1-0"]
[WhiteElo "2382"]
[BlackElo "2152"]
[PlyCount "83"]
[EventDate "2015.03.19"]
[EventType "swiss"]
[EventRounds "9"]
[EventCountry "ARG"]
[Source "lmi"]
[SourceDate "2015.03.19"]

1. e4 e5 2. Nf3 d6 3. d4 Nd7 4. Nc3 c6 5. a4 Be7 6. Bc4 h6 7. O-O Qc7 8. Re1
Ngf6 9. Ba2 Nf8 10. h3 g5 11. Nh2 a5 12. Be3 Ng6 13. Nf1 g4 14. hxg4 Nxg4 15.
Ng3 Bg5 16. Nf5 Bxf5 17. exf5 Nxe3 18. fxe3 Nh4 19. dxe5 O-O-O 20. Ne4 dxe5 21.
Qh5 f6 22. Be6+ Kb8 23. g3 Rhg8 24. Kh1 Nxf5 25. Bxf5 Qb6 26. Qe2 Rg7 27. b3 h5
28. Kh2 h4 29. g4 Qb4 30. Rad1 Rh8 31. Qc4 Qb6 32. Qc5 Qa6 33. Rd3 h3 34. Red1
Rgg8 35. c4 Bh4 36. Rd7 Qa7 37. Qxa7+ Kxa7 38. Rf7 Rb8 39. Rdd7 Be1 40. Rh7
Rhg8 41. Kxh3 Bb4 42. Nxf6 1-0

[Event "Copa Latina 2015"]
[Site "Vicente Lopez ARG"]
[Date "2015.03.21"]
[Round "4.21"]
[White "Palmero, Pablo"]
[Black "Blit, Jacques"]
[Result "0-1"]
[WhiteElo "2104"]
[BlackElo "2325"]
[PlyCount "43"]
[EventDate "2015.03.19"]
[EventType "swiss"]
[EventRounds "9"]
[EventCountry "ARG"]
[Source "lmi"]
[SourceDate "2015.03.19"]

1. d4 Nf6 2. c4 e6 3. Nc3 Bb4 4. e3 c5 5. a3 Bxc3+ 6. bxc3 O-O 7. Bd3 d6 8. Ne2
Nc6 9. O-O b6 10. e4 Ba6 11. Bg5 h6 12. Bh4 g5 13. Bg3 e5 14. d5 Na5 15. f4
exf4 16. Nxf4 Bxc4 17. Qf3 Qe7 18. Rae1 Rae8 19. Bxc4 Nxc4 20. Nd3 Nxe4 21. Qg4
f5 22. Qh3 0-1

[Event "Copa Latina 2015"]
[Site "Vicente Lopez ARG"]
[Date "2015.03.21"]
[Round "4.26"]
[White "Caetano, Hugo Zanotti Mendon"]
[Black "Siccardi, Pablo Daniel"]
[Result "0-1"]
[WhiteElo "2245"]
[BlackElo "2071"]
[PlyCount "80"]
[EventDate "2015.03.19"]
[EventType "swiss"]
[EventRounds "9"]
[EventCountry "ARG"]
[Source "lmi"]
[SourceDate "2015.03.19"]

1. d4 e6 2. c4 Nf6 3. Nf3 Bb4+ 4. Bd2 Bxd2+ 5. Qxd2 b6 6. Nc3 d6 7. g3 Bb7 8.
Bg2 Ne4 9. Nxe4 Bxe4 10. O-O Nd7 11. Rac1 a5 12. Rfd1 Qe7 13. Qe3 Bb7 14. h4
O-O 15. a3 a4 16. Qd3 f5 17. e3 Ra5 18. Qe2 h6 19. h5 Be4 20. Nh4 Qf6 21. Ng6
Rf7 22. Bf1 e5 23. c5 bxc5 24. Qd2 Ra8 25. dxe5 Nxe5 26. Nxe5 Qxe5 27. Bc4 Bf3
28. Bxf7+ Kxf7 29. Re1 Qe4 30. Qc2 Bxh5 31. Qc4+ Kf8 32. Qb5 Be8 33. Qc4 Bh5
34. Qf1 Bf3 35. Rc4 Qd5 36. Rec1 g5 37. Qh3 Kg7 38. Qf1 h5 39. Qh3 Kg6 40. Kh2
Rh8 0-1

[Event "Copa Latina 2015"]
[Site "Vicente Lopez ARG"]
[Date "2015.03.21"]
[Round "4.30"]
[White "Mafra, Kaiser Luiz"]
[Black "Pernas, Agustin"]
[Result "0-1"]
[WhiteElo "2212"]
[BlackElo "2048"]
[PlyCount "80"]
[EventDate "2015.03.19"]
[EventType "swiss"]
[EventRounds "9"]
[EventCountry "ARG"]
[Source "lmi"]
[SourceDate "2015.03.19"]

1. d4 d5 2. c4 e6 3. Nc3 Nf6 4. Bg5 Nbd7 5. cxd5 exd5 6. e3 Be7 7. Bd3 c6 8.
Qc2 Nh5 9. Bxe7 Qxe7 10. O-O-O g6 11. Nf3 Ndf6 12. h3 Ng7 13. g4 h5 14. g5 Nh7
15. Kb1 O-O 16. h4 Bg4 17. Ne5 Bxd1 18. Rxd1 Qe6 19. Rh1 Rfd8 20. Ne2 Nf8 21.
Nf4 Qd6 22. Be2 c5 23. Bf3 cxd4 24. Nxf7 Kxf7 25. Bxd5+ Ke8 26. Bxb7 Rab8 27.
Bc6+ Ke7 28. Qe4+ Nge6 29. Nd5+ Kf7 30. Qf3+ Kg8 31. e4 Ng7 32. Nf6+ Kh8 33.
Bd5 Qe5 34. b3 Nh7 35. Rc1 Nxf6 36. gxf6 Ne6 37. Bxe6 Qxe6 38. Qf4 Rb7 39. Qh6+
Rh7 40. Qxg6 Rg8 0-1

[Event "Copa Latina 2015"]
[Site "Vicente Lopez ARG"]
[Date "2015.03.21"]
[Round "4.31"]
[White "Fuentes, Diego"]
[Black "Uelf, Maximiliano"]
[Result "0-1"]
[WhiteElo "1570"]
[BlackElo "2207"]
[PlyCount "86"]
[EventDate "2015.03.19"]
[EventType "swiss"]
[EventRounds "9"]
[EventCountry "ARG"]
[Source "lmi"]
[SourceDate "2015.03.19"]

1. e4 b6 2. d4 Bb7 3. d5 Nf6 4. Nc3 e6 5. Bg5 Be7 6. Bxf6 Bxf6 7. dxe6 fxe6 8.
Qh5+ g6 9. Qg4 O-O 10. Nge2 Nc6 11. O-O-O Ne5 12. Qg3 Qe7 13. f4 Nc4 14. Nd4
Qb4 15. Bxc4 Qxc4 16. e5 Bg7 17. h4 Bh6 18. Rhf1 Rf7 19. Qh2 Raf8 20. g3 d6 21.
exd6 e5 22. Qe2 Qxe2 23. Ndxe2 cxd6 24. Rxd6 exf4 25. Nxf4 Rxf4 26. gxf4 Bxf4+
27. Rxf4 Rxf4 28. Rd8+ Kg7 29. Rd7+ Rf7 30. Rd4 Kh6 31. Nb5 Rf5 32. c4 a6 33.
Nd6 Rf1+ 34. Kd2 Bc6 35. Ne4 Rf4 36. Ke3 Rxh4 37. b4 Kg7 38. c5 bxc5 39. bxc5
h5 40. Ng5 Rxd4 41. Kxd4 Kf6 42. Ne4+ Bxe4 43. Kxe4 Ke6 0-1

[Event "Copa Latina 2015"]
[Site "Vicente Lopez ARG"]
[Date "2015.03.21"]
[Round "4.32"]
[White "Ruperez, Miguel"]
[Black "Crotti, Lucas"]
[Result "1-0"]
[WhiteElo "2194"]
[BlackElo "2020"]
[PlyCount "119"]
[EventDate "2015.03.19"]
[EventType "swiss"]
[EventRounds "9"]
[EventCountry "ARG"]
[Source "lmi"]
[SourceDate "2015.03.19"]

1. d4 Nf6 2. c4 g6 3. Nc3 Bg7 4. e4 d6 5. Be2 O-O 6. Bg5 c5 7. d5 h6 8. Be3 e6
9. Qd2 exd5 10. exd5 Kh7 11. Nf3 a6 12. a4 b6 13. h3 Bf5 14. O-O Re8 15. Rfe1
Ra7 16. Bf4 Rae7 17. g4 Bc8 18. Bd3 Bb7 19. Rxe7 Rxe7 20. Re1 Qd7 21. Nh2 Qe8
22. Rd1 Qd7 23. f3 Ne8 24. b3 Qd8 25. Ne4 Bc8 26. Kg2 a5 27. Nf1 Na6 28. Nfg3
Nb4 29. Bb1 Na6 30. h4 f5 31. Nf2 Rf7 32. h5 g5 33. Be3 Nf6 34. Nxf5 Bxf5 35.
Bxf5+ Kh8 36. Bb1 Nb4 37. f4 gxf4 38. Bxf4 Nxg4 39. Bg6 Rf8 40. Nh3 Qh4 41. Bg3
Qf6 42. Qe2 Ne5 43. Nf4 Kg8 44. Be4 Qg5 45. Ne6 Qg4 46. Qxg4 Nxg4 47. Nxf8 Ne3+
48. Kh3 Nxd1 49. Nd7 Nc3 50. Bf5 Ne2 51. Be6+ Kh8 52. Bxd6 Nd4 53. Nxb6 Nxb3
54. Be7 Nd3 55. Bf5 Nf4+ 56. Kg4 Be5 57. d6 Nd4 58. d7 Nfe6 59. Bxe6 Nxe6 60.
d8=Q+ 1-0

[Event "Copa Latina 2015"]
[Site "Vicente Lopez ARG"]
[Date "2015.03.21"]
[Round "4.36"]
[White "Ortiz, Andres"]
[Black "Bulcourf, Carlos"]
[Result "1-0"]
[WhiteElo "2195"]
[BlackElo "1980"]
[PlyCount "73"]
[EventDate "2015.03.19"]
[EventType "swiss"]
[EventRounds "9"]
[EventCountry "ARG"]
[Source "lmi"]
[SourceDate "2015.03.19"]

1. d4 Nf6 2. c4 Nc6 3. Nf3 e5 4. d5 e4 5. dxc6 exf3 6. cxb7 Bxb7 7. exf3 Bb4+
8. Bd2 Qe7+ 9. Be2 O-O-O 10. O-O d5 11. Bxb4 Qxb4 12. Qc2 Rhe8 13. a3 Qe7 14.
Bd3 Kb8 15. b4 Nh5 16. cxd5 Nf4 17. Nc3 Bxd5 18. Nxd5 Rxd5 19. Be4 Rg5 20. g3
f5 21. Bc6 Ne2+ 22. Kh1 Nd4 23. Qc3 Rd8 24. f4 Rg6 25. Bg2 Rgd6 26. a4 h6 27.
a5 g5 28. Rad1 gxf4 29. Rxd4 Rxd4 30. Qc6 Re4 31. Bxe4 fxe4 32. Qb5+ Ka8 33. a6
c6 34. Qxc6+ Kb8 35. Re1 f3 36. b5 Qd7 37. Qxe4 1-0

[Event "Copa Latina 2015"]
[Site "Vicente Lopez ARG"]
[Date "2015.03.21"]
[Round "4.42"]
[White "Bernal, Lucas"]
[Black "Ferrara, Alexis"]
[Result "1-0"]
[WhiteElo "1933"]
[BlackElo "2113"]
[PlyCount "66"]
[EventDate "2015.03.19"]
[EventType "swiss"]
[EventRounds "9"]
[EventCountry "ARG"]
[Source "lmi"]
[SourceDate "2015.03.19"]

1. d4 d5 2. Nf3 Bf5 3. c4 e6 4. Nc3 c6 5. Bf4 Nd7 6. e3 Ngf6 7. Bd3 Bg6 8. O-O
Be7 9. Rc1 Nh5 10. Be5 Bxd3 11. Qxd3 O-O 12. h3 Nxe5 13. Nxe5 f5 14. c5 Qc7 15.
Qe2 Nf6 16. b4 a5 17. a3 axb4 18. axb4 b6 19. b5 bxc5 20. Nxc6 c4 21. f3 Bd6
22. f4 Ra3 23. g4 g6 24. Kh1 Kh8 25. gxf5 gxf5 26. Rg1 Rg8 27. Rxg8+ Kxg8 28.
Rg1+ Kh8 29. Nd1 Rb3 30. Qa2 Ra3 31. Qg2 Qf7 32. Nd8 Qg8 33. Qxg8+ Nxg8 1-0

[Event "Copa Latina 2015"]
[Site "Vicente Lopez ARG"]
[Date "2015.03.21"]
[Round "4.43"]
[White "Tierno De La Rosa, Juan"]
[Black "Bruce, Shannon Hill"]
[Result "0-1"]
[WhiteElo "1897"]
[BlackElo "2112"]
[PlyCount "68"]
[EventDate "2015.03.19"]
[EventType "swiss"]
[EventRounds "9"]
[EventCountry "ARG"]
[Source "lmi"]
[SourceDate "2015.03.19"]

1. Nf3 Nf6 2. b3 g6 3. Bb2 Bg7 4. c4 O-O 5. g3 c5 6. Bg2 Nc6 7. d4 cxd4 8. Nxd4
Qa5+ 9. Bc3 Qc5 10. Nxc6 bxc6 11. O-O d5 12. Bd4 Qd6 13. cxd5 cxd5 14. Bb2 Bb7
15. Nd2 Rac8 16. Nc4 Qa6 17. Ne3 Rfd8 18. a4 d4 19. Bxb7 Qxb7 20. Nc4 Rxc4 21.
bxc4 Qxb2 22. Qd3 Qc3 23. Rfb1 e5 24. Ra3 Qa5 25. f3 Bf8 26. Rab3 Qxa4 27. Rb8
Rxb8 28. Rxb8 Nd7 29. Rd8 Nc5 30. Qd2 Qxc4 31. f4 Ne6 32. Ra8 exf4 33. gxf4 Qc3
34. Qa2 Qe3+ 0-1

[Event "Copa Latina 2015"]
[Site "Vicente Lopez ARG"]
[Date "2015.03.21"]
[Round "4.48"]
[White "Dastugue, Raul"]
[Black "Garcia, Cristian Javier"]
[Result "1-0"]
[WhiteElo "2054"]
[BlackElo "1668"]
[PlyCount "66"]
[EventDate "2015.03.19"]
[EventType "swiss"]
[EventRounds "9"]
[EventCountry "ARG"]
[Source "lmi"]
[SourceDate "2015.03.19"]

1. Nf3 d5 2. d4 Nf6 3. g3 g6 4. Bg2 Bg7 5. O-O O-O 6. c4 c6 7. cxd5 cxd5 8. Nc3
Qb6 9. b3 Nbd7 10. Bb2 Re8 11. Rc1 a6 12. Qc2 Nf8 13. Na4 Qa7 14. Qc7 Ne6 15.
Qb6 Nd7 16. Qxa7 Rxa7 17. e3 b5 18. Nc3 Bb7 19. Ne1 Nb6 20. Nd3 Ng5 21. Nc5 Ba8
22. h4 Ne6 23. Nxe6 fxe6 24. Ne2 a5 25. Bh3 e5 26. Be6+ Kf8 27. dxe5 a4 28. Bd4
Ra6 29. Nf4 axb3 30. axb3 Bb7 31. Rc7 Rb8 32. Rfc1 Bh6 33. Bh3 g5 1-0

[Event "Copa Latina 2015"]
[Site "Vicente Lopez ARG"]
[Date "2015.03.21"]
[Round "4.54"]
[White "Lopez, Diego"]
[Black "Fernandez Rodriguez, Antonio"]
[Result "1-0"]
[WhiteElo "2102"]
[BlackElo "1905"]
[PlyCount "59"]
[EventDate "2015.03.19"]
[EventType "swiss"]
[EventRounds "9"]
[EventCountry "ARG"]
[Source "lmi"]
[SourceDate "2015.03.19"]

1. d4 f5 2. g3 g6 3. Bg2 Nf6 4. c4 Bg7 5. Nc3 d6 6. d5 O-O 7. Nh3 Na6 8. Nf4
Nc5 9. h4 Qe8 10. Nb5 Qd8 11. Nd4 a5 12. h5 g5 13. h6 Bh8 14. Nfe6 Bxe6 15.
Nxe6 Nxe6 16. dxe6 f4 17. gxf4 gxf4 18. Bxb7 Re8 19. Rg1+ Kf8 20. Bxa8 Qxa8 21.
Qd3 Rb8 22. Bxf4 Rxb2 23. Rb1 Qb7 24. Rxb2 Qxb2 25. f3 Qb4+ 26. Bd2 Qc5 27. Rg5
Qa7 28. Bc3 c5 29. Bxf6 exf6 30. Qxd6+ 1-0

[Event "Copa Latina 2015"]
[Site "Vicente Lopez ARG"]
[Date "2015.03.21"]
[Round "4.58"]
[White "Conde, Adrian"]
[Black "Echeguren, Martin"]
[Result "1/2-1/2"]
[WhiteElo "2037"]
[BlackElo "1737"]
[PlyCount "54"]
[EventDate "2015.03.19"]
[EventType "swiss"]
[EventRounds "9"]
[EventCountry "ARG"]
[Source "lmi"]
[SourceDate "2015.03.19"]

1. d4 Nf6 2. c4 g6 3. Nc3 d5 4. Nf3 Bg7 5. Bf4 O-O 6. e3 c5 7. dxc5 Qa5 8. Qa4
Qxc5 9. Qb5 Qxb5 10. Nxb5 Na6 11. Rd1 dxc4 12. Bxc4 Bg4 13. O-O Nh5 14. Bg5
Bxf3 15. gxf3 Rfc8 16. b3 Nf6 17. Bxf6 Bxf6 18. Bd5 Nc7 19. Nxc7 Rxc7 20. Bc4
a6 21. a4 Be5 22. Rd5 Bd6 23. Rfd1 Kg7 24. f4 Rac8 25. Kg2 Rc5 26. Kf3 Rxd5 27.
Rxd5 Rc5 1/2-1/2

[Event "Copa Latina 2015"]
[Site "Vicente Lopez ARG"]
[Date "2015.03.21"]
[Round "4.61"]
[White "Strok, Boris"]
[Black "Ferrero, Luis"]
[Result "1-0"]
[WhiteElo "2000"]
[BlackElo "1635"]
[PlyCount "64"]
[EventDate "2015.03.19"]
[EventType "swiss"]
[EventRounds "9"]
[EventCountry "ARG"]
[Source "lmi"]
[SourceDate "2015.03.19"]

1. e4 e6 2. d4 d5 3. Nd2 Nf6 4. e5 Nfd7 5. Bd3 c5 6. c3 Nc6 7. Ngf3 Qb6 8. O-O
cxd4 9. cxd4 Nxd4 10. Nxd4 Qxd4 11. Nf3 Qb6 12. Qa4 Be7 13. Qg4 g6 14. a3 O-O
15. b4 a5 16. Be3 Qd8 17. h4 f5 18. Qg3 Kh8 19. Ng5 Nb6 20. h5 f4 21. Bxf4 Rxf4
22. Nxh7 g5 23. Rac1 axb4 24. Nf6 Bxf6 25. exf6 Qxf6 26. axb4 Nc4 27. Bxc4 Rxc4
28. Rxc4 dxc4 29. Qc7 Qg7 30. Qd8+ Qg8 31. Qd4+ Kh7 32. Qe4+ Kh6 1-0

[Event "Copa Latina 2015"]
[Site "Vicente Lopez ARG"]
[Date "2015.03.22"]
[Round "5.1"]
[White "Della Morte, German"]
[Black "Cori, Jorge"]
[Result "0-1"]
[WhiteElo "2401"]
[BlackElo "2596"]
[PlyCount "116"]
[EventDate "2015.03.19"]
[EventType "swiss"]
[EventRounds "9"]
[EventCountry "ARG"]
[Source "lmi"]
[SourceDate "2015.03.19"]

1. e4 c5 2. Nf3 e6 3. d4 cxd4 4. Nxd4 Nf6 5. Nc3 Qc7 6. Be3 a6 7. Qd2 Nc6 8. f4
b5 9. e5 b4 10. Ncb5 axb5 11. Nxb5 Qb8 12. exf6 gxf6 13. c4 bxc3 14. bxc3 Be7
15. Be2 Ba6 16. O-O Bxb5 17. Rfb1 Nb4 18. cxb4 O-O 19. a4 Bxa4 20. b5 Qb7 21.
Ra2 Rfc8 22. Rba1 Bb3 23. Rxa8 Rxa8 24. Rxa8+ Qxa8 25. Qxd7 Qa1+ 26. Bf1 Kg7
27. Qd4 Qxd4 28. Bxd4 Bd6 29. g3 e5 30. Be3 Bd5 31. Bg2 e4 32. f5 Kf8 33. Bf1
Ke7 34. Bd4 Ba3 35. Kf2 Kd6 36. Bxf6 Bc5+ 37. Ke1 e3 38. Bd3 Bf3 39. Bc3 Kd5
40. Ba5 Kd4 41. Be2 Bd5 42. b6 Bb7 43. Bb5 Ke4 44. f6 Kf3 45. Bc4 Bd4 46. Bxf7
Bxf6 47. Bh5+ Kg2 48. Bb4 Bd4 49. Be2 Bxb6 50. Bd3 h6 51. Bf8 Bf3 52. Bb4 Kxh2
53. Bd6 Kg1 54. Bb4 Bc7 55. Be2 Bxg3+ 56. Kd1 Kf2 57. Be1+ Kg2 58. Bb4 h5 0-1